Keltische Sprachen - Statistiken

Allgemein
  • Dieses Quiz wurde 83 mal gespielt
  • Das Durchschnittsergebnis liegt bei 4 aus 7
Antwortstatistiken
Antwort % Korrekt
Irisch
97%
Schottisch
92%
Walisisch
88%
Bretonisch
59%
Manx
41%
Kornisch
36%
Kanadisch-Gällisch
1%
Keine übereinstimmenden Quizze gefunden
Verteilung der Resultate
Anzahl Personen mit jedem Resultat
Perzentil nach korrekt beantworteten Fragen
Ihre Resultats-Entwicklung
Sie haben dieses Quiz noch nicht gespielt